| 000 | 00490nam a2200157 a 4500 | ||
|---|---|---|---|
| 001 | 000038035 | ||
| 005 | 20201002031148.0 | ||
| 008 | 130312s2012 dr 000 0 spa d | ||
| 020 | _a9789945408676 | ||
| 040 |
_aDO-SdBNP _bspa _cBNPHU |
||
| 100 | 1 |
_aRodríguez Checo, Miguel _955779 |
|
| 245 | 1 | 0 |
_aViajes al mundo de Baldor / _cMiguel Rodríguez Checo. |
| 260 |
_aSanto Domingo : _bArgos, _c2012. |
||
| 300 |
_a173 p. ; _c24 cm. |
||
| 500 | _aIncluye datos biográficos del autor en la solapa | ||
| 999 |
_c37525 _d37525 |
||